Bestiaire mystique (notice n° 1605236)

détails MARC
000 -LEADER
fixed length control field 01704cam a2200181 4500500
005 - DATE AND TIME OF LATEST TRANSACTION
control field 20251228094948.0
041 ## - LANGUAGE CODE
Language code of text/sound track or separate title fre
042 ## - AUTHENTICATION CODE
Authentication code dc
100 10 - MAIN ENTRY--PERSONAL NAME
Personal name Sesé, Bernard
Relator term author
245 00 - TITLE STATEMENT
Title Bestiaire mystique
260 ## - PUBLICATION, DISTRIBUTION, ETC.
Date of publication, distribution, etc. 2013.<br/>
500 ## - GENERAL NOTE
General note 100
520 ## - SUMMARY, ETC.
Summary, etc. Des instincts aux extrêmes élévations de l’esprit, la symbolique des animaux signifie tous ces registres. Le voyage intérieur de l’esprit, dans sa tension et sa rencontre avec l’objet de son désir, l’expérience mystique proprement dite, peuvent y trouver leur alphabet. Les écrits des mystiques de tous les temps ou de toutes les religions en témoignent. Cet article en présente quelques brefs témoignages.
520 ## - SUMMARY, ETC.
Summary, etc. The symbolism of animals conveys meanings on all levels, from instincts to extreme spiritual elevations. The inner journey of the spirit, in its tension and its meeting with the object of desire – the mystical experience as such – can find its alphabet in this symbolism, as the writings of mystics from all eras and all religions can testify. This article presents a few such brief testimonies.
520 ## - SUMMARY, ETC.
Summary, etc. Dos instintos às sublimes elevações do espírito, o simbolismo animal abrange diversos registos. Neste sentido, tanto a viagem interior do espírito, na sua permanente tensão e encontro com o objecto do seu desejo, como a experiência mística propriamente dita, descobrem nele o seu alfabeto. É o que revelam os escritos de místicos de todas as épocas de que este artigo pretende dar um breve testemunho.
786 0# - DATA SOURCE ENTRY
Note Sigila | 32 | 2 | 2013-10-01 | p. 169-180 | 1286-1715
856 41 - ELECTRONIC LOCATION AND ACCESS
Uniform Resource Identifier <a href="https://shs.cairn.info/revue-sigila-2013-2-page-169?lang=fr&redirect-ssocas=7080">https://shs.cairn.info/revue-sigila-2013-2-page-169?lang=fr&redirect-ssocas=7080</a>

Pas d'exemplaire disponible.

PLUDOC

PLUDOC est la plateforme unique et centralisée de gestion des bibliothèques physiques et numériques de Guinée administré par le CEDUST. Elle est la plus grande base de données de ressources documentaires pour les Étudiants, Enseignants chercheurs et Chercheurs de Guinée.

Adresse

627 919 101/664 919 101

25 boulevard du commerce
Kaloum, Conakry, Guinée

Réseaux sociaux

Powered by Netsen Group @ 2025